Paroles : They Don't Know About Us - One Direction - Statistiques

Statistiques générales
  • Ce quiz a été pris 347 fois
    346 depuis la dernière actualisation
  • Le résultat moyen est 347 sur 397
Statistiques - réponses
Réponse % Correct
a
100%
about
100%
do
100%
I
100%
i
100%
know
100%
the
100%
don't
99%
They
99%
they
99%
you
99%
love
98%
we
98%
us
95%
be
94%
But
92%
things
92%
to
92%
only
89%
all
86%
say
86%
that
86%
my
85%
just
84%
Just
84%
what
84%
of
83%
this
83%
up
83%
jealous
82%
knew
82%
life
82%
too
82%
and
81%
if
81%
yous
81%
bet
80%
girl
80%
nights
80%
together
80%
is
79%
People
79%
shouldn't
79%
young
79%
forever
78%
talking
78%
tell
78%
wait
78%
mine
77%
are
76%
you're
76%
wanna
75%
world
75%
gettin'
74%
right
74%
any
72%
stronger
71%
they're
71%
would
71%
longer
70%
I've
69%
We're
69%
feels
68%
Baby
67%
baby
67%
how
67%
little
67%
waited
67%
'Cause
66%
find
66%
heart
66%
it
65%
special
65%
So
64%
want
63%
done
61%
you've
60%
me
59%
secret
58%
time
58%
Every
57%
It's
56%
believer
55%
was
55%
best
54%
One
54%
touch
54%
our
53%
sweeter
51%
between
50%
kiss
49%
getting
48%
better
47%
gets
46%
anything
45%
Keeps
40%
can't
32%
talk-talk
32%
'em
26%
That's
20%
Aucun quiz correspondant
Distribution des résultats
% des personnes avec chaque résultat
Percentile par nombre de réponses
Votre historique - résultats
Vous n’avez pas pris ce quiz depuis la dernière actualisation